| 000 | 00376nam a22001577a 4500 | ||
|---|---|---|---|
| 003 | CEME | ||
| 005 | 20210628205439.0 | ||
| 008 | 210316b xxu||||| |||| 00| 0 eng d | ||
| 040 | _c. | ||
| 082 | _a297.61 ASA'A | ||
| 100 |
_aAsif Shah Khan _975594 |
||
| 245 | _aAllah kay safeer | ||
| 260 |
_aKARACHI _bAKBAR-E-JEHAN PUBLICATION _c1997 |
||
| 300 | _a608P | ||
| 942 |
_cBK _2ddc |
||
| 999 |
_c580990 _d580990 |
||